000 00911nmm a2200277 a 4500
001 ocm000785835
003 TR-IsHL
005 20201028143503.0
008 140412s2013 tu eng
007 cr cn
020 _a9781304651655
035 _a785835
_b(N$T)
050 0 4 _aPR3724
_b.G7 2013
090 0 4 _aPR3724
_b.G7 2013
100 1 _aSwift, Jonathan
245 1 0 _aGulliver's travels
_h[electronic resource] /
_cJonathan Swift ; with illustrations by Murat Ukray
260 _aİstanbul :
_bE-Kitap Projesi,
_c2013
300 _a182 p.
650 4 _aDil ve Edebiyat
650 4 _aLanguage and Literature
650 0 _aİngiliz romanı
650 0 _aEnglish fiction
650 7 _aLITERARY COLLECTIONS / European / English, Irish, Scottish, Welsh
_2bisacsh
700 1 _aUkray, Murat
856 4 0 _uhttp://search.ebscohost.com/login.aspx?direct=true&scope=site&db=e011xww&AN=785835
999 _c8924
_d8924